000 00473nam a2200169Ia 4500
003 GCL
008 140319s9999 xx 000 0 ara d
040 _aGCL /
_cGCL
082 0 4 _a30.15
_bع ت
100 1 _aعمر صخرى
245 1 0 _aالتحليل الاقتصادى الكلى (الاقتصاد الكلى) /
_cعمر صخرى
300 _a298
490 _aكتاب
_v0
650 0 4 _aالاقتصاد الكلى
650 0 4 _aالاقتصاد
942 _2ddc
_cBK
999 _c42553
_d42553